MEDICAL EMERGENCIES IN THE DENTAL OFFICES (Record no. 3687)
[ view plain ]
| 000 -LEADER | |
|---|---|
| fixed length control field | 00368nam a2200145Ia 4500 |
| 008 - FIXED-LENGTH DATA ELEMENTS--GENERAL INFORMATION | |
| fixed length control field | 150201s2007 xx 000 0 und d |
| 082 ## - DEWEY DECIMAL CLASSIFICATION NUMBER | |
| Classification number | 617.63 |
| Item number | M2007M |
| 100 ## - MAIN ENTRY--PERSONAL NAME | |
| Personal name | MALAMED,STANLEY F. |
| 245 ## - TITLE STATEMENT | |
| Title | MEDICAL EMERGENCIES IN THE DENTAL OFFICES |
| 250 ## - EDITION STATEMENT | |
| Edition statement | 6th |
| 260 ## - PUBLICATION, DISTRIBUTION, ETC. (IMPRINT) | |
| Name of publisher, distributor, etc. | ELSEVIER |
| Place of publication, distribution, etc. | DELHI |
| Date of publication, distribution, etc. | 2007 |
| 300 ## - PHYSICAL DESCRIPTION | |
| Extent | 1-556 |
| 650 ## - SUBJECT ADDED ENTRY--TOPICAL TERM | |
| Topical term or geographic name as entry element | ORAL MEDICINE |
| 942 ## - ADDED ENTRY ELEMENTS (KOHA) | |
| Source of classification or shelving scheme | Dewey Decimal Classification |
| Koha item type | Books |
| Koha issues (borrowed), all copies | 21 |
| Withdrawn status | Lost status | Source of classification or shelving scheme | Damaged status | Not for loan | Home library | Current library | Date acquired | Source of acquisition | Cost, normal purchase price | Serial Enumeration / chronology | SGTU | Bill Number | Total Checkouts | Full call number | Barcode | Date last seen | Bill Date | Koha item type | Date last checked out | Total Renewals |
|---|---|---|---|---|---|---|---|---|---|---|---|---|---|---|---|---|---|---|---|---|
| Dewey Decimal Classification | SGT Dental Library | SGT Dental Library | 31/10/2007 | U.B.S.DELHI | 750.00 | 1 | SGTU | 709 | 617.63 M2007M | FD4476 | 09/02/2015 | 27/08/2012 | Books | |||||||
| Dewey Decimal Classification | SGT Dental Library | SGT Dental Library | 31/10/2007 | U.B.S.DELHI | 750.00 | 1 | SGTU | 709 | 3 | 617.63 M2007M | FD4477 | 18/05/2023 | 27/08/2012 | Books | 18/05/2023 | |||||
| Dewey Decimal Classification | SGT Dental Library | SGT Dental Library | 31/10/2007 | U.B.S.DELHI | 750.00 | 1 | SGTU | 709 | 14 | 617.63 M2007M | FD4478 | 06/04/2021 | 27/08/2012 | Books | 31/03/2021 | |||||
| Dewey Decimal Classification | SGT Dental Library | SGT Dental Library | 31/10/2007 | U.B.S.DELHI | 750.00 | 1 | SGTU | 709 | 32 | 617.63 M2007M | FD4479 | 07/11/2024 | 27/08/2012 | Books | 16/10/2024 | 1 | ||||
| Dewey Decimal Classification | SGT Dental Library | SGT Dental Library | 31/10/2007 | U.B.S.DELHI | 750.00 | 1 | SGTU | 709 | 32 | 617.63 M2007M | FD4480 | 06/07/2023 | 27/08/2012 | Books | 17/05/2023 | |||||
| Dewey Decimal Classification | SGT Dental Library | SGT Dental Library | 31/10/2007 | U.B.S.DELHI | 750.00 | 1 | SGTU | 709 | 617.63 M2007M | FD4481 | 09/02/2015 | 27/08/2012 | Books | |||||||
| Dewey Decimal Classification | SGT Dental Library | SGT Dental Library | 31/10/2007 | U.B.S.DELHI | 750.00 | 1 | SGTU | 709 | 617.63 M2007M | FD4482 | 09/02/2015 | 27/08/2012 | Books | |||||||
| Dewey Decimal Classification | SGT Dental Library | SGT Dental Library | 31/10/2007 | U.B.S.DELHI | 750.00 | 1 | SGTU | 709 | 30 | 617.63 M2007M | FD4483 | 11/07/2022 | 27/08/2012 | Books | 12/05/2022 | 1 |